000
00289nam a22001337a 4500
020
_a
0-373-11857-0
082
_a
823
_b
DAR/J
100
_a
DARCY, EMMA
245
_a
JACK'S BABY
260
_a
TORONTO
_b
HARLEQUIN BOOKS
_c
1997
300
_a
186
650
_a
NOVEL
_z
NORTH AMERICA
942
_c
BK
999
_c
3005
_d
3005